[Event "European Rapid 2022"]
[Site "Katowice POL"]
[Date "2022.12.18"]
[Round "9.27"]
[White "Zimina, Olga"]
[Black "Moroni, Luca Jr"]
[Result "0-1"]
[WhiteTitle "IM"]
[BlackTitle "GM"]
[WhiteElo "2295"]
[BlackElo "2576"]
[WhiteFideId "4132190"]
[BlackFideId "865834"]
[EventDate "2022.12.17"]

1. d4 g6 2. Nf3 Bg7 3. e4 d6 4. Nc3 a6 5. Be3 b5 6. a4 b4 7. Ne2 Bb7 8. Ng3 h5
9. h4 Nf6 10. Bd3 Ng4 11. Bg5 c5 12. c3 cxd4 13. cxd4 Nc6 14. Ne2 O-O 15. O-O
Re8 16. Rc1 Qb6 17. Bb1 a5 18. Bd3 Nxd4 19. Nexd4 Bxd4 20. Nxd4 Qxd4 21. Qe2
Rac8 22. g3 Rxc1 23. Rxc1 Nxf2 24. Qxf2 Qxd3 25. Rf1 f6 0-1

[Event "European Rapid 2022"]
[Site "Katowice POL"]
[Date "2022.12.18"]
[Round "9.28"]
[White "Karolczuk, Iwo"]
[Black "Mikhalchishin, Adrian"]
[Result "1/2-1/2"]
[WhiteTitle "FM"]
[BlackTitle "GM"]
[WhiteElo "2327"]
[BlackElo "2455"]
[WhiteFideId "21816972"]
[BlackFideId "14602385"]
[EventDate "2022.12.17"]

1. d4 d5 2. Nf3 c5 3. c4 dxc4 4. Qa4+ Bd7 5. Qxc4 cxd4 6. Nxd4 e5 7. Nc2 Nc6 8.
Nc3 Rc8 9. Qd3 Nf6 10. g3 Nb4 11. Nxb4 Bxb4 12. Bd2 Bc6 13. Qxd8+ Rxd8 14. Rg1
O-O 15. Bg2 Bxg2 16. Rxg2 Nd5 17. Nxd5 Bxd2+ 18. Kxd2 Rxd5+ 19. Ke3 Rfd8 20.
Rgg1 Rd2 21. Rab1 f6 22. Rgc1 R8d7 23. Rc4 Kf7 24. a3 Ke6 25. Rc8 h5 26. h4 Kf5
27. Rc4 Ke6 28. Rc8 Kf5 1/2-1/2

[Event "European Rapid 2022"]
[Site "Katowice POL"]
[Date "2022.12.18"]
[Round "9.29"]
[White "Kosakowski, Jakub"]
[Black "Peyrer, Konstantin"]
[Result "1-0"]
[WhiteTitle "IM"]
[BlackTitle "FM"]
[WhiteElo "2475"]
[BlackElo "2380"]
[WhiteFideId "1185080"]
[BlackFideId "1640879"]
[EventDate "2022.12.17"]

1. e4 e5 2. Nf3 Nc6 3. Bb5 Nf6 4. O-O Nxe4 5. d4 Nd6 6. Ba4 e4 7. Re1 Be7 8. Ne5
O-O 9. Nc3 Nf5 10. Rxe4 Nxe5 11. dxe5 d6 12. Bf4 c6 13. exd6 Bxd6 14. Bb3 Bxf4
15. Rxf4 Qg5 16. g3 Qg6 17. Qd3 Be6 18. Bxe6 fxe6 19. Re1 Kh8 20. Qd7 Rad8 21.
Qxb7 Nd4 22. Qe7 Rfe8 23. Qc5 Nxc2 24. Re2 Qd3 25. Rxe6 Rg8 26. Kg2 Qd2 27. Re2
Qc1 28. Qe5 Qxb2 29. Rh4 Rgf8 30. Qe4 Ne1+ 31. Kh3 1-0

[Event "European Rapid 2022"]
[Site "Katowice POL"]
[Date "2022.12.18"]
[Round "9.30"]
[White "Keinanen, Toivo"]
[Black "Maly, Alexey"]
[Result "1-0"]
[WhiteTitle "IM"]
[BlackTitle "IM"]
[WhiteElo "2508"]
[BlackElo "2370"]
[WhiteFideId "509825"]
[BlackFideId "14103184"]
[EventDate "2022.12.17"]

1. d4 d5 2. Nf3 Nf6 3. e3 e6 4. Bd3 Be7 5. O-O O-O 6. Nbd2 b6 7. b3 Bb7 8. Bb2
Nbd7 9. c4 c5 10. Qe2 Rc8 11. Rac1 Rc7 12. cxd5 Nxd5 13. Nc4 Qa8 14. Rfd1 Rfc8
15. Nfe5 N5f6 16. Nxd7 Rxd7 17. dxc5 Bxg2 18. Bxf6 Bf3 19. Qc2 Rxd3 20. Bxe7
Rxd1+ 21. Rxd1 Bxd1 22. Qxd1 bxc5 23. Qd7 Rb8 24. Ne5 Qe4 25. Bd6 Ra8 26. Qxf7+
Kh8 27. Qxe6 Qb1+ 28. Kg2 Qe4+ 29. Kg3 1-0

[Event "European Rapid 2022"]
[Site "Katowice POL"]
[Date "2022.12.18"]
[Round "9.31"]
[White "Berend, Elvira"]
[Black "Sebenik, Matej"]
[Result "0-1"]
[WhiteTitle "WGM"]
[BlackTitle "GM"]
[WhiteElo "2318"]
[BlackElo "2538"]
[WhiteFideId "4000510"]
[BlackFideId "14602296"]
[EventDate "2022.12.17"]

1. d4 d5 2. c4 e6 3. Nf3 a6 4. cxd5 exd5 5. Nc3 c6 6. Bf4 Bd6 7. Bxd6 Qxd6 8.
Qc2 Ne7 9. e3 Bf5 10. Bd3 Bxd3 11. Qxd3 Nd7 12. O-O O-O 13. Rfe1 Rfe8 14. e4
dxe4 15. Nxe4 Qc7 16. Neg5 Nf8 17. h4 Nd5 18. g3 f6 19. Ne4 Qf7 20. Nd6 Rxe1+
21. Rxe1 Qd7 22. Nf5 Re8 23. Rxe8 Qxe8 24. Qb3 Qd7 25. Ne3 Ne6 26. Nxd5 cxd5 27.
h5 g5 28. Qd3 g4 29. Nh4 Ng5 30. Qe3 Kf7 31. Qc3 Qc6 32. Qe3 Qc2 33. Kh2 Nh3 34.
Kg2 Qb1 35. Nf3 gxf3+ 36. Kxh3 Qf5+ 37. g4 Qe4 38. Qxe4 dxe4 39. Kg3 Ke6 40. Kf4
Kd5 41. Ke3 h6 42. b3 a5 43. a3 b5 0-1

[Event "European Rapid 2022"]
[Site "Katowice POL"]
[Date "2022.12.18"]
[Round "9.32"]
[White "Spalir, Jernej"]
[Black "Dvirnyy, Danyyil"]
[Result "0-1"]
[WhiteTitle "IM"]
[BlackTitle "GM"]
[WhiteElo "2377"]
[BlackElo "2530"]
[WhiteFideId "14606518"]
[BlackFideId "817570"]
[EventDate "2022.12.17"]

1. d4 Nf6 2. Nf3 d5 3. c4 e6 4. Nc3 c6 5. e3 Nbd7 6. Qc2 Bd6 7. Bd3 O-O 8. O-O
dxc4 9. Bxc4 b5 10. Be2 Bb7 11. e4 e5 12. dxe5 Nxe5 13. Nd4 Neg4 14. g3 Bxg3 15.
hxg3 Qxd4 16. Qd1 Qxd1 17. Rxd1 Rfd8 18. Bf4 Re8 19. f3 Ne5 20. g4 h6 21. a3 a6
22. Rd6 Ned7 23. Rad1 Re7 24. Kf2 c5 25. b4 Rc8 26. e5 Nxe5 27. Rd8+ Re8 28.
Rxc8 Bxc8 29. bxc5 Bb7 30. Rd6 Nc6 31. Bd3 Rd8 32. Ne4 Ne8 33. Rxd8 Nxd8 34. Be3
Kf8 35. Ng3 Bd5 36. Nf5 Nc6 37. f4 Nf6 38. Kg3 Be4 39. Be2 Bxf5 40. gxf5 Nd5 41.
Bd2 Nd4 42. Bd3 Ke7 43. a4 bxa4 44. Bxa6 Nb3 45. Bc4 Nxd2 46. Bxd5 a3 47. c6 Kd6
48. f6 gxf6 49. Kg4 Ne4 50. Kf5 Kxd5 0-1

[Event "European Rapid 2022"]
[Site "Katowice POL"]
[Date "2022.12.18"]
[Round "9.33"]
[White "Molenda, Marcin"]
[Black "Schneider, Ilja"]
[Result "1-0"]
[WhiteTitle "FM"]
[BlackTitle "IM"]
[WhiteElo "2381"]
[BlackElo "2483"]
[WhiteFideId "1173065"]
[BlackFideId "4663306"]
[EventDate "2022.12.17"]

1. e4 e5 2. Nf3 Nc6 3. d4 exd4 4. Nxd4 Bc5 5. Nb3 Bb6 6. Nc3 Nf6 7. Qe2 O-O 8.
Bg5 h6 9. Bh4 d6 10. O-O-O Be6 11. f3 Ne5 12. g4 Re8 13. Nd4 Bc4 14. Qg2 Bxf1
15. Rhxf1 Ng6 16. Bg3 d5 17. Nf5 c6 18. h4 Ba5 19. Ne2 Ne7 20. Nd6 Rf8 21. e5
Nd7 22. f4 Bc7 23. Nxb7 Qb8 24. Nd6 Bxd6 25. exd6 Qxd6 26. f5 Ne5 27. f6 gxf6
28. Nf4 Kh8 29. Nh5 f5 30. Rde1 f4 31. Rxf4 N7g6 32. Rf6 Qb4 33. a3 Qd4 34. Bxe5
Nxe5 35. Rxh6+ Kg8 36. g5 Rfb8 37. Nf6+ Kg7 38. Rh7+ Kf8 39. Rxe5 Qxb2+ 40. Kd2
Qd4+ 41. Kc1 Qf4+ 42. Qd2 Rb1+ 43. Kxb1 Qxd2 44. Rh8+ Kg7 45. Rxa8 Qd1+ 46. Kb2
Qd4+ 47. Ka2 Qc4+ 48. Kb1 Qf1+ 49. Kb2 Qb5+ 50. Kc1 Qf1+ 51. Kd2 Qf4+ 52. Re3
Kg6 53. Rg8+ Kf5 54. Re8 d4 55. Re5+ Kg6 56. h5+ Kg7 57. h6+ Kg6 58. h7 dxe3+
59. Rxe3 Qh2+ 60. Kc3 Qg1 61. Re8 Qc5+ 62. Kb2 Qd4+ 63. Ka2 Qc4+ 64. Kb1 Qf1+
65. Kb2 Qb5+ 66. Ka1 Qf1+ 67. Ka2 Qc4+ 68. Kb2 Qd4+ 69. c3 Qb6+ 70. Kc2 Qf2+ 71.
Kb3 Qb6+ 72. Kc4 Qb5+ 73. Kd4 Qb6+ 74. Ke4 Qb1+ 75. Kd4 Qb6+ 76. Kd3 Qb1+ 77.
Kc4 Qb5+ 78. Kd4 Qb6+ 79. Kd3 Qb1+ 80. Ke3 Qe1+ 81. Kd4 Qh4+ 82. Re4 Qf2+ 83.
Kc4 Qf1+ 84. Kc5 Qb5+ 85. Kd6 Qb8+ 86. Ke7 Kg7 87. c4 Qc7+ 88. Ke8 Qc8+ 89. Ke7
Qc7+ 90. Ke8 Qc8+ 91. Ke7 Qc7+ 92. Ke8 Qc8+ 93. Ke7 Qc7+ 94. Ke8 Kg6 95. Kf8
Qd8+ 96. Re8 Qd6+ 97. Kg8 1-0

[Event "European Rapid 2022"]
[Site "Katowice POL"]
[Date "2022.12.18"]
[Round "9.34"]
[White "Maier, Christian"]
[Black "Licznerski, Lukasz"]
[Result "0-1"]
[WhiteTitle "IM"]
[BlackTitle "IM"]
[WhiteElo "2315"]
[BlackElo "2441"]
[WhiteFideId "4601955"]
[BlackFideId "1179250"]
[EventDate "2022.12.17"]

1. e4 c6 2. d4 d5 3. e5 Bf5 4. Nf3 e6 5. Be2 Ne7 6. O-O Bg6 7. b3 c5 8. dxc5
Nec6 9. Bb2 Bxc5 10. Nbd2 O-O 11. a3 Nd7 12. Bd3 Ne7 13. Bxg6 Nxg6 14. c4 a5 15.
cxd5 exd5 16. Re1 Qb6 17. Rf1 Rfe8 18. b4 axb4 19. axb4 Qxb4 20. Rb1 Qg4 21. h3
Qf4 22. Nb3 Ne7 23. Nxc5 Nxc5 24. Bd4 Ne6 25. Rxb7 Rab8 26. Rxb8 Rxb8 27. Qd3
Nc6 28. Ba1 Qc4 29. Qf5 h6 30. Rd1 Qb3 31. Rc1 Qa4 32. Qd3 Rd8 33. Qc2 Qxc2 34.
Rxc2 Na5 35. Bd4 Nb3 36. Bb6 Rb8 37. Be3 d4 38. Bd2 Ra8 39. Rb2 Ra1+ 40. Kh2
Nbc5 41. Rc2 d3 42. Rc4 Ra2 43. Be3 Rc2 44. Rb4 g5 45. Kg3 Kg7 46. Bxc5 Nxc5 47.
Rd4 Kg6 48. Rd6+ Kf5 49. Rxh6 Ne4+ 50. Kh2 Rxf2 51. Rh8 Kf4 52. Rf8 Ke3 53. Rxf7
Nd2 54. e6 Nxf3+ 55. Rxf3+ Rxf3 56. gxf3 d2 57. e7 d1=Q 58. e8=Q+ Kf2 0-1

[Event "European Rapid 2022"]
[Site "Katowice POL"]
[Date "2022.12.18"]
[Round "9.35"]
[White "Zawadzka, Jolanta"]
[Black "Kirk, Ezra"]
[Result "1-0"]
[WhiteTitle "WGM"]
[BlackTitle "IM"]
[WhiteElo "2386"]
[BlackElo "2432"]
[WhiteFideId "1122320"]
[BlackFideId "600067"]
[EventDate "2022.12.17"]

1. e4 c5 2. Nf3 Nc6 3. d4 cxd4 4. Nxd4 g6 5. c4 Bg7 6. Be3 Nf6 7. Nc3 O-O 8. Be2
d6 9. O-O Bd7 10. f3 Nxd4 11. Bxd4 Bc6 12. Qd2 a5 13. b3 Nd7 14. Be3 Nc5 15.
Rab1 e6 16. Rfe1 Be5 17. Rbc1 Qh4 18. g3 Qe7 19. Bf1 b6 20. Bg2 Qb7 21. Bf2 f5
22. exf5 Bxf3 23. fxg6 Bxg2 24. gxh7+ Qxh7 25. Bxc5 Bb7 26. Bxd6 Rf2 27. Qg5+
Bg7 28. Kxf2 Qxh2+ 29. Ke3 Qg2 30. Rf1 Qc6 31. Qe7 Bxc3 32. Qf7+ Kh8 33. Rh1+ 1-0

[Event "European Rapid 2022"]
[Site "Katowice POL"]
[Date "2022.12.18"]
[Round "9.36"]
[White "Piotrowski, Przemyslaw"]
[Black "Costachi, Mihnea"]
[Result "0-1"]
[WhiteTitle "FM"]
[BlackTitle "IM"]
[WhiteElo "2247"]
[BlackElo "2476"]
[WhiteFideId "1127063"]
[BlackFideId "1217518"]
[EventDate "2022.12.17"]

1. d4 Nf6 2. Nf3 g6 3. g3 Bg7 4. Bg2 O-O 5. O-O d6 6. c4 Nc6 7. Nc3 Bf5 8. Re1
Ne4 9. Nd5 Nf6 10. Nxf6+ Bxf6 11. e4 Bg4 12. Be3 e5 13. d5 Nd4 14. Bxd4 exd4 15.
Qd3 Bxf3 16. Bxf3 c5 17. Bg2 Rb8 18. f4 Re8 19. a4 a6 20. a5 b5 21. axb6 Rxb6
22. b3 Qd7 23. Ra3 Bg7 24. Rea1 Qb7 25. Bf3 f5 26. Kg2 fxe4 27. Bxe4 Qe7 28. Re1
Qf6 29. Re2 Bf8 30. h4 Kg7 31. Ra1 Reb8 32. Rb1 a5 33. Ra2 Ra6 34. h5 Re8 35.
Rba1 gxh5 36. Rxa5 Rxa5 37. Rxa5 h4 38. Ra7+ Re7 39. Rxe7+ Bxe7 40. Bxh7 hxg3
41. Qe4 d3 42. Bf5 d2 43. Bg4 Qh4 44. Kf1 g2+ 0-1

[Event "European Rapid 2022"]
[Site "Katowice POL"]
[Date "2022.12.18"]
[Round "9.37"]
[White "Akesson, Ralf"]
[Black "Vardanyan, Aras"]
[Result "1-0"]
[WhiteTitle "GM"]
[BlackTitle "CM"]
[WhiteElo "2404"]
[BlackElo "2271"]
[WhiteFideId "1700120"]
[BlackFideId "12808792"]
[EventDate "2022.12.17"]

1. Nf3 d5 2. d4 Nf6 3. c4 e6 4. Nc3 a6 5. cxd5 exd5 6. Bf4 Bd6 7. Bg3 O-O 8. e3
c6 9. Bd3 Re8 10. Qc2 h6 11. O-O Bxg3 12. hxg3 Qd6 13. Rfe1 Nbd7 14. Rad1 Nf8
15. a3 Bg4 16. b4 Ne6 17. Rc1 Bxf3 18. gxf3 h5 19. Kg2 g6 20. Rh1 Kg7 21. Ne2
Rh8 22. Qc3 Rad8 23. a4 h4 24. Rxh4 Rxh4 25. gxh4 Rh8 26. Rh1 Qe7 27. b5 axb5
28. axb5 cxb5 29. Bxb5 Ng8 30. Qb3 Rxh4 31. Rxh4 Qxh4 32. Qxd5 b6 33. Ng3 Nf6
34. Qe5 Kh7 35. Bc4 Nd7 36. Qd6 Ndf8 37. f4 Qd8 38. Qxd8 Nxd8 39. Ne4 Nd7 40.
Bb5 Nf8 41. Nf6+ Kg7 42. Nd5 Nb7 43. Nxb6 Nd6 44. Bd3 f5 45. Nc4 Ne8 46. Kf1 Kf6
47. Ke2 Ne6 48. Ne5 Nd6 49. Kd2 g5 50. fxg5+ Nxg5 51. f3 Ne6 52. Kc3 Nc8 53. f4
Nb6 54. Bc4 Nc7 55. Kd3 Ke7 56. Nc6+ Kd6 57. Nb4 Na4 58. Bb3 Nb6 59. Bg8 Ke7 60.
Bc4 Kd6 61. Kc3 Na4+ 62. Kb3 Nb6 63. Bg8 Ke7 64. Kc3 Kd6 65. Kd3 Nd7 66. Nc2 Nf6
67. Ba2 Na6 68. Bb3 Nc7 69. Na3 Ne4 70. Nc4+ Ke7 71. Ba4 Nd5 72. Bb3 Nb4+ 73.
Ke2 Kf6 74. Nd2 Nd6 75. Kf3 Nd3 76. e4 Ne1+ 77. Ke2 fxe4 78. Kxe1 Kf5 79. Nc4
Nb5 80. Ne3+ Kxf4 81. Nc2 e3 82. Bc4 Nc3 83. Bd3 Kf3 84. Nb4 Kf4 85. Kf1 e2+ 86.
Bxe2 Ke3 87. d5 Ne4 88. Ba6 Kd4 89. Bb7 Kc5 90. Nd3+ Kb6 91. Bc6 Ng3+ 92. Kf2
Nf5 93. Nf4 Kc5 94. Ba4 Kb4 95. Bc2 Nd4 96. d6 Nc6 97. d7 Nd8 98. Ke3 Kc5 99.
Ke4 Kd6 100. Ba4 Nb7 101. Nd3 Nd8 102. Kd4 Ne6+ 103. Kc4 Nd8 104. Nc5 Nf7 105.
Kd4 Nd8 106. Bb5 Nf7 107. Bc4 Nd8 108. Bd5 Kc7 109. Ke5 Kb6 110. Kd6 1-0

[Event "European Rapid 2022"]
[Site "Katowice POL"]
[Date "2022.12.18"]
[Round "9.38"]
[White "Urh, Zala"]
[Black "Larkin, Vladyslav"]
[Result "0-1"]
[WhiteTitle "WIM"]
[BlackTitle "IM"]
[WhiteElo "2282"]
[BlackElo "2452"]
[WhiteFideId "14611481"]
[BlackFideId "14152894"]
[EventDate "2022.12.17"]

1. d4 Nc6 2. Nf3 d6 3. Bf4 Nf6 4. e3 g6 5. h3 Bg7 6. Be2 O-O 7. O-O Nd5 8. Bh2
e5 9. c4 Nde7 10. Nc3 exd4 11. exd4 Nf5 12. d5 Ncd4 13. Nxd4 Nxd4 14. Bd3 Re8
15. Rb1 a6 16. Ne2 Nxe2+ 17. Bxe2 Qg5 18. Kh1 Bf5 19. Bd3 Re7 20. Bxf5 Qxf5 21.
Qb3 b6 22. Qa4 a5 23. a3 Rae8 24. b4 axb4 25. axb4 h5 26. Qc6 Bd4 27. Bg3 Qf6
28. h4 Qf5 29. Rbd1 Qg4 30. Qa4 Be5 31. Bxe5 Rxe5 32. g3 Qxc4 33. Kg1 R8e7 34.
Qa8+ Kg7 35. Qd8 Qxb4 36. Rc1 b5 37. Rxc7 Rxc7 38. Qxc7 Rxd5 39. Ra1 Rc5 40. Qe7
Qd4 41. Rb1 b4 42. Re1 b3 43. Re4 Rc1+ 44. Kg2 Qd5 45. Kh2 b2 0-1

[Event "European Rapid 2022"]
[Site "Katowice POL"]
[Date "2022.12.18"]
[Round "9.39"]
[White "Bartel, Michal"]
[Black "D'Costa, Lorin"]
[Result "1-0"]
[WhiteTitle "FM"]
[BlackTitle "IM"]
[WhiteElo "2250"]
[BlackElo "2375"]
[WhiteFideId "1119257"]
[BlackFideId "409219"]
[EventDate "2022.12.17"]

1. e4 e6 2. d4 d5 3. Nc3 Bb4 4. e5 c5 5. Bd2 cxd4 6. Nb5 Bc5 7. Qg4 Kf8 8. b4
Bb6 9. Nf3 Nc6 10. Bd3 a6 11. Nbxd4 Bxd4 12. Nxd4 Nxe5 13. Qg3 Nxd3+ 14. cxd3
Nf6 15. O-O h6 16. Nf3 Kg8 17. Ne5 Qe7 18. Rac1 Kh7 19. Be3 d4 20. Bxd4 Rd8 21.
Bc5 Qe8 22. Rc4 Rd5 23. Re1 b5 24. Rh4 Bb7 25. Qf4 Rxe5 26. Qxe5 Qc6 27. Qg3 Rd8
28. d4 Rd5 29. Qf3 Qd7 30. Qg3 Qc6 31. f3 Rf5 32. Qd6 Qc8 33. Qf8 Qd7 34. Qd6
Qc8 35. Rh3 Nd5 36. Rg3 Nf4 37. Rg4 Ng6 38. h4 h5 39. Rg5 Nxh4 40. Rxf5 Nxf5 41.
Qf4 h4 42. Rc1 Qd7 43. Bb6 Qd5 44. Rc7 f6 45. Qg4 Kh6 46. Rf7 Bc6 47. Bc5 Be8
48. Ra7 Bh5 49. Qf4+ g5 50. Qb8 g4 51. Bf8+ Kg5 52. f4+ 1-0

[Event "European Rapid 2022"]
[Site "Katowice POL"]
[Date "2022.12.18"]
[Round "9.40"]
[White "Subelj, Jan"]
[Black "Povilaitis, Tomas"]
[Result "1-0"]
[WhiteTitle "IM"]
[WhiteElo "2492"]
[BlackElo "2038"]
[WhiteFideId "14618583"]
[BlackFideId "12811700"]
[EventDate "2022.12.17"]

1. e4 d5 2. exd5 Qxd5 3. Nc3 Qd8 4. d4 Nf6 5. Nf3 Bf5 6. Bc4 e6 7. O-O c6 8. Re1
Be7 9. Ne5 O-O 10. g4 Bg6 11. h4 Bb4 12. h5 Bxc3 13. bxc3 Be4 14. g5 Nd5 15.
Rxe4 Nxc3 16. Qf3 Nxe4 17. Qxe4 Qe7 18. g6 fxg6 19. hxg6 h6 20. Nf7 Re8 21. Bf4
Nd7 22. Nd6 Nf6 23. Qe5 Ng4 24. Qe2 Qh4 25. Bxe6+ Kh8 26. Nf7+ Kg8 27. Nxh6+ Kh8
28. Nf7+ Kg8 29. Nd6+ Kh8 30. Nxe8 Rxe8 31. Qxg4 Qxg4+ 32. Bxg4 Re4 33. Kg2 Rxf4
34. Be6 1-0

[Event "European Rapid 2022"]
[Site "Katowice POL"]
[Date "2022.12.18"]
[Round "9.42"]
[White "Wieczorek, Oskar"]
[Black "Zochowski, Kacper"]
[Result "1-0"]
[WhiteTitle "GM"]
[BlackTitle "FM"]
[WhiteElo "2504"]
[BlackElo "2256"]
[WhiteFideId "1133950"]
[BlackFideId "1125494"]
[EventDate "2022.12.17"]

1. e4 d6 2. d4 g6 3. Nf3 Nf6 4. Nc3 c6 5. h3 Bg7 6. Be2 O-O 7. a4 Qc7 8. Be3 e5
9. dxe5 dxe5 10. Bc4 Nh5 11. g3 h6 12. Nh4 Kh7 13. Qf3 Qe7 14. O-O-O Nd7 15. Nf5
Qb4 16. Nd6 Nb6 17. Bb3 Be6 18. Na2 Qa5 19. Bd2 Qa6 20. Nb4 Qa5 21. Nxb7 1-0

[Event "European Rapid 2022"]
[Site "Katowice POL"]
[Date "2022.12.18"]
[Round "9.43"]
[White "Szpar, Milosz"]
[Black "Czarnecka, Lidia"]
[Result "1-0"]
[WhiteTitle "IM"]
[BlackTitle "WCM"]
[WhiteElo "2428"]
[BlackElo "2018"]
[WhiteFideId "1184989"]
[BlackFideId "21807531"]
[EventDate "2022.12.17"]

1. e4 c5 2. Nf3 e6 3. c3 d5 4. exd5 Qxd5 5. d4 Nf6 6. Na3 a6 7. Nc4 Nbd7 8. Be2
Be7 9. O-O O-O 10. a4 Rd8 11. a5 Qc6 12. Bf4 Nd5 13. Bg3 Bf6 14. Qb3 cxd4 15.
cxd4 Qb5 16. Qd1 Qb4 17. Bd6 Qb5 18. Rc1 Nf8 19. Nb6 Qxa5 20. Nxa8 Bd7 21. Nc7
Ba4 22. b3 Rxd6 23. Nxd5 Rxd5 24. bxa4 1-0

[Event "European Rapid 2022"]
[Site "Katowice POL"]
[Date "2022.12.18"]
[Round "9.44"]
[White "Zamekhovskiy, Yevgen"]
[Black "Kuzmicz, Krystian"]
[Result "0-1"]
[BlackTitle "IM"]
[WhiteElo "2095"]
[BlackElo "2466"]
[WhiteFideId "14174413"]
[BlackFideId "1119125"]
[EventDate "2022.12.17"]

1. d4 g6 2. Nf3 Bg7 3. g3 c5 4. d5 d6 5. Bg2 e6 6. c4 Ne7 7. Nc3 O-O 8. O-O exd5
9. cxd5 a6 10. a4 Nd7 11. Bf4 Nf6 12. e4 Bg4 13. h3 Bxf3 14. Bxf3 Qb8 15. Be2
Nd7 16. Bg5 Qe8 17. Qb3 Rb8 18. Bf4 Ne5 19. Be3 c4 20. Bxc4 Qc8 21. Be2 Qxh3 22.
Bf4 f5 23. exf5 Nxf5 24. Qd1 Nh4 25. gxh4 Rxf4 26. Ra3 Rxh4 0-1

[Event "European Rapid 2022"]
[Site "Katowice POL"]
[Date "2022.12.18"]
[Round "9.45"]
[White "Niezhentsev, Kyrylo"]
[Black "Jarmula, Lukasz"]
[Result "0-1"]
[BlackTitle "GM"]
[WhiteElo "2052"]
[BlackElo "2469"]
[WhiteFideId "34126660"]
[BlackFideId "1160664"]
[EventDate "2022.12.17"]

1. e4 e6 2. d4 d5 3. Nc3 Nf6 4. e5 Nfd7 5. Nce2 c5 6. c3 Nc6 7. f4 Be7 8. g3 O-O
9. Bh3 b5 10. Nf3 b4 11. cxb4 Nxb4 12. a3 Nc6 13. O-O Ba6 14. Be3 Qb6 15. dxc5
Bxc5 16. Bf2 Bxf2+ 17. Rxf2 Nc5 18. Kf1 Nd3 19. Rg2 Nxb2 20. Qc1 d4 21. Rb1 Rab8
22. Nd2 d3 23. Nc3 Nd4 24. Na4 Nxa4 25. Rxb6 Rxb6 26. Bg4 Rc8 27. Qe1 Ne2 28.
Bxe2 dxe2+ 29. Rxe2 Nc3 30. Kf2 Bxe2 31. Ne4 Nxe4+ 32. Kxe2 Rc3 33. Qa1 Rbb3 34.
Qd1 Rb2+ 35. Ke1 Re3+ 36. Kf1 Rb1 37. Qxb1 Nd2+ 38. Kf2 Rf3+ 39. Ke2 Nxb1 40.
Kxf3 Nxa3 41. Ke4 Nb5 42. Kd3 Kf8 43. Kc4 a6 44. Kb4 Ke7 45. Ka5 Nc7 46. Kb6 Kd7
47. Kc5 a5 0-1

[Event "European Rapid 2022"]
[Site "Katowice POL"]
[Date "2022.12.18"]
[Round "9.46"]
[White "Hunt, Harriet V"]
[Black "Gregoric, Andraz"]
[Result "1-0"]
[WhiteTitle "IM"]
[WhiteElo "2348"]
[BlackElo "2225"]
[WhiteFideId "403512"]
[BlackFideId "14629461"]
[EventDate "2022.12.17"]

1. e4 e5 2. Nf3 Nc6 3. Bb5 a6 4. Ba4 Nf6 5. O-O Be7 6. Re1 b5 7. Bb3 O-O 8. d3
d6 9. c3 Bb7 10. Nbd2 Na5 11. Bc2 Re8 12. Nf1 Bf8 13. Ng3 g6 14. d4 Bg7 15. a4
exd4 16. cxd4 c5 17. d5 Nd7 18. Rb1 Nc4 19. b3 Nce5 20. Nxe5 Nxe5 21. Bb2 Qa5
22. Nf1 Re7 23. Ne3 Rae8 24. h4 Bc8 25. h5 Qb4 26. Qc1 Bh6 27. hxg6 hxg6 28. Qd1
f6 29. Qe2 Rh7 30. axb5 a5 31. Ra1 Kf7 32. Bxe5 Rxe5 33. Nc4 Rh5 34. Rxa5 Bg7
35. Ra7+ Kf8 36. f3 f5 37. Rxg7 Rh1+ 38. Kf2 Rxe1 39. Qxe1 Qxe1+ 40. Kxe1 Kxg7
41. Nxd6 Rh8 42. e5 Rd8 43. Kd2 Bd7 44. Kc3 Bxb5 45. Nxb5 Rxd5 46. f4 Rd8 47.
Bd3 Rh8 48. Nc7 Rh2 49. Bf1 Rh1 50. Bb5 Kf7 51. e6+ Ke7 52. Bd7 Re1 53. Kc4 Kd6
54. Ne8+ Ke7 55. Kxc5 Rc1+ 56. Kb5 Rc2 57. b4 Rxg2 58. Nc7 g5 59. fxg5 Rxg5 60.
Kc6 Rg6 61. Nd5+ Kd8 62. b5 f4 63. Nxf4 Rg1 64. b6 Rc1+ 65. Kb7 Rb1 66. Nd3 Rb4
67. Nxb4 1-0

[Event "European Rapid 2022"]
[Site "Katowice POL"]
[Date "2022.12.18"]
[Round "9.48"]
[White "Donchenko, Alexander"]
[Black "Kacprzak, Kacper"]
[Result "1-0"]
[WhiteTitle "GM"]
[WhiteElo "2636"]
[BlackElo "2289"]
[WhiteFideId "24603295"]
[BlackFideId "21819319"]
[EventDate "2022.12.17"]

1. c4 Nf6 2. g3 e6 3. Bg2 d5 4. d4 dxc4 5. Nf3 a6 6. O-O Nc6 7. Qd2 Rb8 8. Ne5
Nxe5 9. dxe5 Qxd2 10. Nxd2 Nd7 11. Nxc4 b5 12. Na5 Nxe5 13. Bf4 Bb4 14. Bxe5
Bxa5 15. Bxg7 Rg8 16. Be5 Bb7 17. Rac1 Bxg2 18. Kxg2 Rc8 19. Bd4 c6 20. Rfd1 Bb4
21. Bc5 Bxc5 22. Rxc5 Ke7 23. Kf3 Rc7 24. Ke3 a5 25. Rd4 f6 26. b3 e5 27. Rd3
Ke6 28. a4 Rb8 29. f3 Rb6 30. h4 Rd7 31. Rdc3 Rd6 32. g4 Kd7 33. g5 Ke6 34. Rc1
fxg5 35. hxg5 Kf5 36. Rh1 Rd5 37. Rc2 Kxg5 38. Rxh7 bxa4 39. bxa4 Rd4 40. Rc5
Rxa4 41. Rxe5+ Kf6 42. Rhh5 Ra6 43. Rc5 Ke7 44. f4 Ra1 45. Ke4 Kd6 46. Rcg5 a4
47. Ra5 Rxa5 48. Rxa5 a3 49. f5 a2 50. Ra6 Kd7 51. Ke5 c5 52. f6 c4 53. Ra7+ Kc6
54. f7 Rf1 55. Ke6 a1=Q 56. Rxa1 Rxa1 57. f8=Q Ra5 58. Qd6+ Kb5 59. Kd5 1-0

[Event "European Rapid 2022"]
[Site "Katowice POL"]
[Date "2022.12.18"]
[Round "9.49"]
[White "Hrebenshchykova, Yelyzaveta"]
[Black "Kazakouski, Valery"]
[Result "1-0"]
[BlackTitle "GM"]
[WhiteElo "2289"]
[BlackElo "2539"]
[WhiteFideId "14159899"]
[BlackFideId "13507443"]
[EventDate "2022.12.17"]

1. e4 e5 2. Nf3 Nc6 3. Bb5 a6 4. Ba4 Nf6 5. O-O Be7 6. Re1 b5 7. Bb3 O-O 8. d4
d6 9. c3 Bg4 10. d5 Na5 11. Bc2 c6 12. h3 Bd7 13. Nxe5 dxe5 14. d6 c5 15. dxe7
Qxe7 16. Nd2 Rfd8 17. Qf3 Ne8 18. Nf1 Nc4 19. b3 Ncd6 20. Ne3 Nc7 21. a4 b4 22.
cxb4 cxb4 23. Bb2 f6 24. Rad1 Be6 25. Qg3 Qf7 26. f4 Bxb3 27. fxe5 Bxc2 28. Rxd6
Bxe4 29. Ng4 Bg6 30. exf6 Rxd6 31. Qxd6 Re8 1-0

[Event "European Rapid 2022"]
[Site "Katowice POL"]
[Date "2022.12.18"]
[Round "9.50"]
[White "Nasuta, Grzegorz"]
[Black "Kuegel, Tobias"]
[Result "1-0"]
[WhiteTitle "GM"]
[BlackTitle "FM"]
[WhiteElo "2546"]
[BlackElo "2309"]
[WhiteFideId "1141686"]
[BlackFideId "4636295"]
[EventDate "2022.12.17"]

1. e4 e5 2. Nf3 Nc6 3. Bc4 Bc5 4. O-O Nf6 5. d3 O-O 6. h3 h6 7. Re1 d6 8. c3 Re8
9. Nbd2 a6 10. Bb3 Be6 11. Nf1 Ba7 12. Bc2 d5 13. exd5 Bxd5 14. Ng3 Qd7 15. Nh4
Be6 16. Qf3 Bd5 17. Ne4 Nxe4 18. dxe4 Be6 19. Nf5 Ne7 20. Nxh6+ gxh6 21. Bxh6
Kh7 22. Qh5 Ng8 23. Bf8+ 1-0